00956cam a2200301 a 45000010005000000030006000050050017000110080041000280100017000690200031000860200029001170200018001460400018001640420009001820500014001910820008002051000026002132450040002392600055002793000048003344900024003825000054004065050007004605200113004675210022005805210019006026500033006215726FISKH20250116122514.0080220s2009 nyua a 000 1 eng  a 2008923461 a9780060835507 (trade bdg.) a9780060835491 (pbk bdg.) a9780060835491 aDLCcDLCbeng alcac aPZ7.M462  a3311 aMayer, Mercer,d1943-10aThis is my town /cby Mercer Mayer. aNew York :bHarperCollins Children's Books,c2009. a32 pages : bcolor illustrations ; c23 cm 0 aMy first I can read a"Mercer Mayer's Little Critter"--P. [1] of cover. aF  aLittle Critter introduces his town, showing the reader everything from the post office to the movie theater.8 a310 bLexile AD 8 aF bRaz-Plus  1aCity and town lifevFiction.